[Event "Sachsen-ch"]
[Site "Leipzig"]
[Date "2018.11.03"]
[Round "3"]
[White "Metzner, Nikolaus"]
[Black "Petersohn, Sadko"]
[Result "1/2-1/2"]
[WhiteElo "1567"]
[BlackElo "1825"]
[PlyCount "47"]
[EventDate "2018.11.02"]
[EventType "swiss"]
[EventRounds "6"]
[EventCountry "GER"]
[SourceTitle "CBM 187 Extra"]
[Source "ChessBase"]
[SourceDate "2018.11.04"]
[SourceVersion "1"]
[SourceVersionDate "2018.11.04"]
[SourceQuality "1"]

1. e4 e6 2. d4 d5 3. exd5 exd5 4. Nf3 Nf6 5. Nc3 Be7 6. Bd3 0-0 7. 0-0 c5 8. Bd2 c4 9. Be2 Nc6 10. Re1 Ne4 11. b3 Nxc3 12. Bxc3 b5 13. a4 b4 14. Bd2 c3 15. Bf4 Bf6 16. Bb5 Bd7 17. Qd3 Qb6 18. Bd6 Rfe8 19. Bc5 Qb8 20. Re2 Rxe2 21. Qxe2 a5 22. Re1 Qc7 23. Qe3 h6 24. Qd3 1/2-1/2